| 000 | 00362nam a22001457a 4500 | ||
|---|---|---|---|
| 008 | 210608b ||||| |||| 00| 0 eng d | ||
| 020 | _a9780323049375 | ||
| 041 | _aeng | ||
| 080 |
_28th _a610.73 |
||
| 082 | _a610.73 | ||
| 100 | _a1 | ||
| 101 | _aINF | ||
| 245 |
_aMosby's Dictionary of Medicine Nursing & Health Professions _cTamara Myers |
||
| 942 |
_2udc _cBK |
||
| 999 |
_c58062 _d58062 |
||